|
|
|
|
| LEADER |
01007naa a2200205 i 4500 |
| 001 |
acta82673 |
| 005 |
20231213104626.0 |
| 008 |
231213s2023 hu o 1|| hun d |
| 040 |
|
|
|a SZTE Egyetemi Kiadványok Repozitórium
|b hun
|
| 041 |
|
|
|a hun
|
| 100 |
1 |
|
|a Sűrű Cintia
|
| 245 |
1 |
2 |
|a A háború igazi vesztesei, avagy gyermekvédelem nemzetközi fegyveres konfliktus idején
|h [elektronikus dokumentum] :
|b [absztrakt] /
|c Sűrű Cintia
|
| 260 |
|
|
|c 2023
|
| 300 |
|
|
|a 108
|
| 490 |
0 |
|
|a Móra Kárpát-medencei Interdiszciplináris Szakkollégiumi Konferencia
|v 7
|
| 650 |
|
4 |
|a Társadalomtudományok
|
| 650 |
|
4 |
|a Jogtudomány
|
| 695 |
|
|
|a Gyermekvédelem - fegyveres konfliktus - előadáskivonat, Gyermekek helyzete - fegyveres konfliktus - előadáskivonat, Gyermekek jogai - előadáskivonat
|
| 711 |
|
|
|a VII. Móra Kárpát-medencei Interdiszciplináris Szakkollégiumi Konferencia
|c Szeged
|d 2023. november 17-19.
|
| 856 |
4 |
0 |
|u http://acta.bibl.u-szeged.hu/82673/1/morakonf_2023_108_02.pdf
|z Dokumentum-elérés
|